| 000 | 00000nam##2200000za#4500 |
| 001 | 9.606210 |
| 003 | CaOODSP |
| 005 | 20210624212519 |
| 007 | cr ||||||||||| |
| 008 | 150406|2007||||xxc|||||o f|0| 0 fre|d |
| 040 | |aCaOODSP|bfre |
| 043 | |an-cn--- |
| 086 | 1 |aEn49-7/1-37F-PDF |
| 110 | 1 |aCanada.|bEnvironnement Canada. |bCentre de Technologie Environnementale. |
| 245 | 10|aMéthode d'essai biologique - essai de mesure de l'inhibition de la croissance de la plante macroscopique dulcicole Lemna minor / |h[ressource électronique]|c[publié par] Section de l'élaboration et de l'application des méthodes. |
| 250 | |aDeuxième édition |
| 260 | |aOttawa - Ontario : |bEnvironnement Canada. |cJanvier 2007. |
| 300 | |a140p.|bglossaire, références, tableaux, photographies |
| 490 | 1 |aSérie de la Protection de l'environnement. [Méthodes de référence]|vSPE 1/RM/37 |
| 500 | |aLe n° de catalogue (En49-7/1-37F) et l'ISBN (0-662-71835-6) de l'édition imprimée ont été incorrectement copiés dans l'édition électronique. |
| 546 | |a(Abstract in English). |
| 590 | |a14-01-Supp|b2014-01-07 |
| 775 | 08|tBiological test method - test for measuring the inhibition of growth using the freshwater macrophyte Lemna minor / |w(CaOODSP)9.577703 |
| 830 | #0|aSérie de la Protection de l'environnement. [Méthodes de référence]|vSPE 1/RM/37|w(CaOODSP)9.501305 |
| 856 | 40|ahttp://publications.gc.ca|qPDF|s1.61 Mo|uhttps://publications.gc.ca/collections/collection_2013/ec/En49-7-1-37-fra.pdf|ySPE 1/RM/37 |